|
|
|
|
| LEADER |
00962na a2200253 4500 |
| 001 |
000030723 |
| 003 |
4418 |
| 005 |
20151001092305.0 |
| 008 |
151001s2003 000 eng |
| 020 |
|
|
|a 0072839945
|
| 082 |
|
|
|a 420.004
|b DU-C
|2 2.1
|
| 100 |
|
|
|a Ducharme, Chris W.
|
| 245 |
|
|
|a All write with online handbook user's guide 2.1
|c Chris W.Ducharme, Santi V.Buscemi
|n 2.1
|
| 260 |
|
|
|a Oxford University
|c 2003
|
| 650 |
|
|
|a All write with online handbook user's guide 2.1, computer, online, Chris W.Ducharme, Santi V.Buscemi, 2003
|
| OWN |
|
|
|a LNN
|
| AVA |
|
|
|a UDN50
|b LNN
|d 420.004 DU-C
|e available
|t Error 5001 Not defined in file expand_doc_bib_avail.
|f 2
|g 0
|h N
|i 0
|k 1
|
| 999 |
|
|
|a From the UDN01
|
| AVA |
|
|
|a UDN50
|b LNN
|d 420.004 DU-C
|e available
|t Error 5001 Not defined in file expand_doc_bib_avail.
|f 2
|g 0
|h N
|i 0
|k 1
|
| TYP |
|
|
|a Printed language
|
| 980 |
|
|
|a Mạng thư viện Đại học Đà Nẵng
|